[Event "POL-chT U20 2nd League"]
[Site "Sypniewo"]
[Date "2025.06.26"]
[Round "9.64"]
[White "Nguyen, Kajetan Linh"]
[Black "Janeczek, Maksymilian"]
[Result "1-0"]
[WhiteElo "1714"]
[BlackElo "1761"]
[PlyCount "81"]
[EventDate "2025.06.18"]
[EventType "team-swiss"]
[EventRounds "9"]
[EventCountry "POL"]
[SourceTitle "CB27_2025"]
[SourceDate "2025.07.02"]
[SourceVersion "1"]
[SourceVersionDate "2025.07.02"]
[SourceQuality "1"]
[WhiteTeam "Warszawa Czternastka III"]
[BlackTeam "Wrocław Hetman"]
[WhiteTeamCountry "POL"]
[BlackTeamCountry "POL"]

1. e4 c5 2. Nc3 Nc6 3. f4 g6 4. Nf3 Bg7 5. Bb5 Nd4 6. 0-0 Nxb5 7. Nxb5 d6 8. d3 Nf6 9. Qe1 0-0 10. Qh4 Bd7 11. Nc3 Bc6 12. f5 Qd7 13. Bh6 Rfc8 14. Ng5 b5 15. Rf3 Nh5 16. Bxg7 Kxg7 17. fxg6 fxg6 18. Rf7+ Kg8 19. g4 Nf6 20. h3 h5 21. Rf1 Rf8 22. R1xf6 exf6 23. Rxd7 fxg5 24. Qxg5 Bxd7 25. Qxg6+ Kh8 26. Nd5 Rae8 27. Qxh5+ Kg7 28. Qg5+ Kf7 29. Qf6+ Kg8 30. Qg6+ Kh8 31. Nf6 Rxf6 32. Qxf6+ Kg8 33. Qxd6 Be6 34. Qxc5 a6 35. b3 Kf7 36. Qc7+ Kg6 37. Qc6 Kg5 38. Qxe8 Kh4 39. Qxe6 Kg3 40. Qf5 b4 41. g5 1-0

[Event "POL-ch Blitz U18"]
[Site "Bydgoszcz"]
[Date "2023.08.31"]
[Round "3"]
[White "Kaczmarek, Piotr2"]
[Black "Janeczek, Maksymilian"]
[Result "0-1"]
[WhiteElo "1877"]
[BlackElo "1200"]
[PlyCount "115"]
[EventDate "2023.08.28"]
[EventType "swiss"]
[EventRounds "10"]
[EventCountry "POL"]
[SourceTitle "CBM 216 Extra"]
[Source "ChessBase"]
[SourceDate "2023.11.30"]
[SourceVersion "1"]
[SourceVersionDate "2023.11.30"]
[SourceQuality "1"]

1. d4 d5 2. c4 e6 3. Nf3 Nf6 4. Bg5 Be7 5. Nc3 Nbd7 6. cxd5 exd5 7. e3 0-0 8. Bd3 h6 9. Bh4 b6 10. 0-0 Bb7 11. a3 c5 12. Bc2 c4 13. Rc1 a6 14. Bb1 Rc8 15. Qc2 Ne4 16. Bxe7 Qxe7 17. Nxe4 dxe4 18. Nd2 Nf6 19. Qd1 b5 20. Qe2 Rfd8 21. Rfd1 c3 22. Rxc3 Rxc3 23. bxc3 Qxa3 24. Qe1 Qxc3 25. Rc1 Qa5 26. Qd1 Rc8 27. Rxc8+ Bxc8 28. Nxe4 Nxe4 29. Bxe4 b4 30. Bb1 Be6 31. e4 Ba2 32. d5 Bxb1 33. Qxb1 b3 34. d6 Qa2 35. Qf1 b2 36. d7 Qa5 37. Qd1 b1Q 38. Qxb1 Qc7 39. Qd1 Qd8 40. f3 a5 41. Kf1 Kf8 42. Qd3 Ke7 43. Ke2 Qxd7 44. Qa3+ Qd6 45. Qxa5 Ke6 46. Qf5+ Ke7 47. Ke3 Qa3+ 48. Kf4 Qc1+ 49. Kg4 g6 50. Qe5+ Kf8 51. h4 h5+ 52. Kg3 Qe1+ 53. Kf4 Qd2+ 54. Kg3 Qe1+ 55. Kh3 Qh1+ 56. Kg3 Qg1 57. Kf4 Qf1 58. Ke3 0-1

[Event "POL-ch U10"]
[Site "Sielpia"]
[Date "2023.03.08"]
[Round "6"]
[White "Janeczek, Maksymilian"]
[Black "Rabenda, Wojciech"]
[Result "0-1"]
[WhiteElo "1250"]
[BlackElo "1181"]
[PlyCount "120"]
[EventDate "2023.03.04"]
[EventType "swiss"]
[EventRounds "9"]
[EventCountry "POL"]
[SourceTitle "EXT 2024"]
[Source "ChessBase"]
[SourceDate "2023.10.10"]
[SourceVersion "1"]
[SourceVersionDate "2023.10.10"]
[SourceQuality "1"]
[WhiteTeam "Poland"]
[BlackTeam "Poland"]
[WhiteTeamCountry "POL"]
[BlackTeamCountry "POL"]

1. e4 c5 2. Nf3 d6 3. d4 cxd4 4. Nxd4 Nf6 5. Nc3 a6 6. Be2 e5 7. Nb3 Be7 8. 0-0 0-0 9. f4 Nbd7 10. Be3 b5 11. a3 Bb7 12. Bf3 Nb6 13. fxe5 dxe5 14. Qxd8 Bxd8 15. Na5 Rb8 16. Nxb7 Rxb7 17. Be2 Bc7 18. Bc5 Re8 19. a4 Nbd7 20. Be3 bxa4 21. Nxa4 a5 22. Bc4 Re7 23. Bd5 Rb5 24. c4 Rb4 25. Bd2 Rb8 26. Rab1 Bb6+ 27. Nxb6 Nxb6 28. Bxa5 Nfxd5 29. cxd5 Nc4 30. d6 Nxd6 31. Rfe1 Nc4 32. Bc3 Reb7 33. Red1 h6 34. b4 f6 35. Kf2 Na5 36. Rd2 Nc4 37. Ra2 Rc7 38. b5 Nd6 39. Ba5 Rcb7 40. Kf3 Rxb5 41. Rxb5 Nxb5 42. Kg4 Ra8 43. Ra1 Nd4 44. Bc3 Rxa1 45. Bxa1 Kf7 46. Bxd4 exd4 47. Kf3 Ke6 48. Ke2 Ke5 49. Kd3 h5 50. h4 g6 51. g3 f5 52. exf5 gxf5 53. Kd2 Ke4 54. Ke2 d3+ 55. Kf2 d2 56. Ke2 d1Q+ 57. Kxd1 Kf3 58. g4 fxg4 59. Ke1 Kg2 60. Ke2 Kh2 0-1

[Event "EU Union-ch U08"]
[Site "Kouty nad Desnou"]
[Date "2021.08.18"]
[Round "5.2"]
[White "Cretescu, Emma"]
[Black "Janeczek, Maksymilian"]
[Result "1/2-1/2"]
[WhiteElo "1066"]
[BlackElo "1026"]
[PlyCount "125"]
[EventDate "2021.08.14"]
[EventType "swiss"]
[EventRounds "9"]
[EventCountry "CZE"]
[SourceTitle "EXT 2022"]
[Source "ChessBase"]
[SourceDate "2021.10.06"]
[SourceVersion "1"]
[SourceVersionDate "2021.10.06"]
[SourceQuality "1"]

1. c4 c5 2. Nc3 Nc6 3. g3 d6 4. Bg2 Bd7 5. e3 g6 6. Nge2 e6 7. 0-0 Bg7 8. Qb3 Qc7 9. Nb5 Qb8 10. Nec3 a6 11. Na3 Nge7 12. Na4 Qc7 13. Qb6 Rc8 14. Qxc7 Rxc7 15. Nb6 0-0 16. Nxd7 Rxd7 17. Rb1 Nb4 18. Ra1 d5 19. cxd5 exd5 20. Rd1 Nd3 21. Rb1 Nb4 22. Ra1 Nec6 23. Bh3 f5 24. g4 fxg4 25. Bxg4 Rdf7 26. Be6 Nd3 27. Bxf7+ Rxf7 28. Rf1 Nxc1 29. Raxc1 Bxb2 30. Rxc5 Bxa3 31. Rxd5 Rf5 32. Rxf5 gxf5 33. d4 Kf7 34. d5 Ne5 35. Rd1 Bd6 36. Rb1 b5 37. Rc1 Kg6 38. f4 Nc4 39. Kf2 Bc5 40. Rg1+ Kf6 41. Re1 Ke7 42. Kf3 Kd6 43. Rg1 Bxe3 44. Rg7 Kxd5 45. Rxh7 a5 46. Rb7 b4 47. h4 Bd4 48. h5 a4 49. Rxb4 Nd2+ 50. Ke2 Ne4 51. Kd3 Bg7 52. Ke3 Nc3 53. Kf3 Nxa2 54. Rxa4 Nc3 55. Ra7 Bd4 56. Ra8 Ne4 57. Rf8 Ke6 58. h6 Nf6 59. Ra8 Kf7 60. Ra4 Bc3 61. Ra7+ Kg6 62. Rc7 Bd4 63. Rc4 1/2-1/2